000 00658na a2200229 4500
001 13983
003 MIRAKIL
005 20181213155029.0
008 160901b tu 000 0
020 _a978994403
035 _a13983
040 _aMilas
_btur
_cTR-AnCHP
082 _a927.8169 Gencer,İ
_bC77b 2008
090 _a927.8169 Gencer,İ C77b 2008
100 _aCoşkun, S.Sami
245 _aBozkurt İlham Gencer
_cS.Sami Coşkun
260 _aİstanbul
_bCem Ofset Matbaacılık
_c2008
300 _a172 s.
_bres.
_c20 sm.
600 _aGencer, İlham
_xYaşamöyküsü
650 _aUlusalcılık
_xTürk
_yYaşamöyküsü
942 _2ddc
_cBKS
999 _c5169
_d5169